[Event "Edmond HS-ch"]
[Site "Edmond"]
[Date "2004.04.24"]
[Round "3"]
[White "Carini, Ryan"]
[Black "Ferguson, Jake A"]
[Result "1/2-1/2"]
[WhiteElo "1225"]
[BlackElo "1815"]
[PlyCount "41"]
[EventDate "2004.04.24"]
[EventType "swiss (rapid)"]
[EventRounds "5"]
[EventCountry "USA"]
[EventCategory "1"]
[SourceTitle "EXT 2006"]
[Source "ChessBase"]
[SourceDate "2005.11.24"]
[SourceVersion "1"]
[SourceVersionDate "2005.11.24"]
[SourceQuality "1"]

1. e4 e5 2. Nf3 Nc6 3. d4 exd4 4. c3 dxc3 5. Bc4 cxb2 6. Bxb2 Qe7 7. 0-0 d6 8. Re1 Be6 9. Qb3 0-0-0 10. Nd4 Bxc4 11. Nxc6 Bxb3 12. Nxe7+ Nxe7 13. axb3 Nc6 14. Nc3 Kb8 15. Ra4 h5 16. Rea1 Rh6 17. b4 a6 18. b5 Ne5 19. bxa6 bxa6 20. Rxa6 Kc8 21. Nd5 1/2-1/2